The Greatest Showman - Statistics

General Stats
  • This quiz has been taken 53 times
    42 since last reset
  • The average score is 6 of 15
Answer Stats
Hint Answer % Correct
Who is the main person in the movie? P.T. Barnum
100%
How many kids to P.T. Barnum have? 2
67%
What does P.T. Barnum ride in on to see his family after he gets back from tour? A elephant
52%
What is his wife’s name? Charity
48%
Who sings Never enough? Jenny Lind
48%
What year was the movie realised? 2017
45%
Who is the female trapeze artist? Anne Wheeler
36%
What’s P.T. Barnum kids names? Caroline
36%
What does Barnum do when the circus burns down? He decides to use a tent
30%
What's P.T. Barnum kids names? Helen
30%
Who falls in love with the above? Philip Carlyle
21%
Who is the short person? Charles Stratton
18%
What year was the movie set? 1850s
6%
What happens to P.T Barnum in the end? He retires with family
6%
Who is the bearded lady? Lettie Lotz
6%
No matching quizzes found
Score Distribution
Percent of People with Each Score
Percentile by Number Answered
Your Score History
You have not taken this quiz since the last reset